Southville International School and Colleges
Your cart is empty.
  • Cart
  • Lists
    Public lists Eva Luna New books Lux_list list_1
    Your lists Log in to create your own lists
  • Log in to your account
  • Your cookies
  • Search history
Southville International School and Colleges
  • Advanced search
  • Recent comments
  • Most popular
  • Libraries

Log in to your account

Log in with GOOGLE


If you do not have an external account, but do have a local account, you can still log in:

  1. Home
  2. MARC view: Microsoft windows 7 :
Normal view MARC view ISBD view

Microsoft windows 7 : (Record no. 25064)

[ view plain ]
MARC details
000 -LEADER
fixed length control field 00515nam a2200181 a 4500
005 - DATE AND TIME OF LATEST TRANSACTION
control field 20140310183559.0
008 - FIXED-LENGTH DATA ELEMENTS--GENERAL INFORMATION
fixed length control field 111119s19uu xx 00 eng d
020 ## - INTERNATIONAL STANDARD BOOK NUMBER
International Standard Book Number 9780789742018
050 ## - LIBRARY OF CONGRESS CALL NUMBER
Classification number QA 76.76.O63
Item number .J66 2010
100 ## - MAIN ENTRY--PERSONAL NAME
Personal name Johnson, Steve
245 ## - TITLE STATEMENT
Title Microsoft windows 7 :
Remainder of title on demand /
Statement of responsibility, etc Steve Johnson.
260 ## - PUBLICATION, DISTRIBUTION, ETC. (IMPRINT)
Place of publication, distribution, etc Indiana, USA :
Name of publisher, distributor, etc Que Publishing,
Date of publication, distribution, etc 2010.
300 ## - PHYSICAL DESCRIPTION
Extent 556 p. :
Dimensions 24 cm.
521 ## - TARGET AUDIENCE NOTE
Target audience note
650 ## - SUBJECT ADDED ENTRY--TOPICAL TERM
Topical term or geographic name as entry element Microsoft windows (Computer files)
942 ## - ADDED ENTRY ELEMENTS (KOHA)
Koha item type Books
Source of classification or shelving scheme Library of Congress Classification
Call number prefix Foreign
Holdings
Withdrawn status Lost status Source of classification or shelving scheme Damaged status Home library Current library Shelving location Date acquired Source of acquisition Total Checkouts Full call number Barcode Date last seen Price effective from Koha item type
    Library of Congress Classification   College Library College Library General Circulation Section 11/19/2011 Donation   QA 76.76.O63 .J66 2010 C14164 05/15/2018 03/10/2014 Books

Microsoft windows 7 :

APA

Johnson S., . (2010). Microsoft windows 7. Indiana, USA: Que Publishing.

Chicago

Johnson Steve, . 2010. Microsoft windows 7. Indiana, USA: Que Publishing.

Harvard

Johnson S., . (2010). Microsoft windows 7. Indiana, USA: Que Publishing.

MLA

Johnson Steve, . Microsoft windows 7. Indiana, USA: Que Publishing. 2010.

  • Place hold
  • Print
  • Cite
  • Add to your cart (remove)
  • Save record
    BIBTEX Dublin Core MARCXML MARC (non-Unicode/MARC-8) MARC (Unicode/UTF-8) MARC (Unicode/UTF-8, Standard) MODS (XML) RIS
  • More searches
    Search for this title in:
    Other Libraries (WorldCat) Other Databases (Google Scholar) Online Stores (Bookfinder.com) Open Library (openlibrary.org)

Exporting to Dublin Core...

SOUTHVILLE LIBRARY

Southville International School and Colleges Library

1281 Tropical Ave. Cor. Luxembourg St., BF Homes International, Las Pinas City

Tel. No. 8256374 / 252358 Loc. 117/146

Powered by Koha